SCO XENIX system V operating system : user's reference. (Record no. 62170)

000 -LEADER
fixed length control field 00609nam a22001937a 4500
003 - CONTROL NUMBER IDENTIFIER
control field NUST-PNEC
005 - DATE AND TIME OF LATEST TRANSACTION
control field 20170116180740.0
008 - FIXED-LENGTH DATA ELEMENTS--GENERAL INFORMATION
fixed length control field 141214b xxu||||| |||| 00| 0 eng d
040 ## - CATALOGING SOURCE
Transcribing agency PNEC
082 ## - DEWEY DECIMAL CLASSIFICATION NUMBER
Classification number 005.42883 MSC
100 ## - MAIN ENTRY--PERSONAL NAME
9 (RLIN) 1115
Personal name MSC
245 ## - TITLE STATEMENT
Title SCO XENIX system V operating system : user's reference.
Statement of responsibility, etc. MSC
260 ## - PUBLICATION, DISTRIBUTION, ETC.
Name of publisher, distributor, etc. Santa Cruz Operation,
Date of publication, distribution, etc. c1986.
300 ## - PHYSICAL DESCRIPTION
Extent 203 p.
Dimensions 24 cm
500 ## - GENERAL NOTE
General note Includes index.
650 ## - SUBJECT ADDED ENTRY--TOPICAL TERM
General subdivision MIS, Computer
856 ## - ELECTRONIC LOCATION AND ACCESS
Uniform Resource Identifier <a href="https://www.worldcat.org/title/sco-xenix-system-v-operating-system-users-reference/oclc/31504366&referer=brief_results">https://www.worldcat.org/title/sco-xenix-system-v-operating-system-users-reference/oclc/31504366&referer=brief_results</a>
942 ## - ADDED ENTRY ELEMENTS (KOHA)
Source of classification or shelving scheme
Koha item type Book
Holdings
Withdrawn status Lost status Source of classification or shelving scheme Damaged status Not for loan Permanent Location Current Location Shelving location Date acquired Source of acquisition Cost, normal purchase price Total Checkouts Full call number Barcode Date last seen Cost, replacement price Price effective from Koha item type
          Pakistan Navy Engineering College (PNEC) Pakistan Navy Engineering College (PNEC)     Donated 300.00   005.42883 MSC PNECLIB-021193 12/14/2014 300.00   Book
© 2023 Central Library, National University of Sciences and Technology. All Rights Reserved.